000 00830nam a2200217Ii 4500
003 JO-AjNU
008 230605s9999||||xx |||||||||||||| ||und||
017 _a2006/9/2558
040 _aJO-AjNU
_bara
_erda
_cJO-AjNU
041 _aara
050 1 4 _aHF5655.A7. T46 2010
100 3 _a الذنيبات، علي عبدالقادر ,
_eauthor
_930832
245 0 0 _aتدقيق الحسابات في ضوء المعايير الدولية : نظرية وتطبيق
250 _aط3
264 3 1 _aعمان: المؤلف، 2010
300 _a493ص
_bيحتوي على قائمة مصطلحات وببلوغرافية من ص473-493ص
336 _atext
_btxt
_2rdacontent
337 _aunmediated
_bn
_2rdamedia
338 _avolume
_bnc
_2rdacarrier
650 4 _aالمحاسبة المالية - تدقيق حسابات
_930833
999 _aA12267
_c15835
_d15835